Statystyki dla RODZAJE GRYZONI:

Kliknij tutaj aby rozwiązać quiz!

Ogólne statystyki

  • Ten quiz został rozwiązany 54 razy
  • Średni wynik to 4 z 6

Statystyki odpowiedzi

Odpowiedź% Poprawnych
MYSZ
98%
SZCZUR
96%
CHOMIK
89%
ŚWINKA MORSKA
64%
KRÓLIK
47%
WIEWIÓRKA
32%

Rozkład punktacji

Percentyl według liczby udzielonych odpowiedzi

Procent ludzi z każdym wynikiem

Twoja historia wyników

Nie rozwiązałeś tego quizu